<?xml version="1.0" encoding="UTF-8"?>
<record
    xmlns:xsi="http://www.w3.org/2001/XMLSchema-instance"
    xsi:schemaLocation="http://www.loc.gov/MARC21/slim http://www.loc.gov/standards/marcxml/schema/MARC21slim.xsd"
    xmlns="http://www.loc.gov/MARC21/slim">

  <leader>00841cam a22002171  4500</leader>
  <controlfield tag="001">gs 12000897 </controlfield>
  <controlfield tag="003">DLC</controlfield>
  <controlfield tag="005">20260227111313.0</controlfield>
  <controlfield tag="008">841220s1912    gw bf    b    000 0 ger c</controlfield>
  <datafield tag="010" ind1=" " ind2=" ">
    <subfield code="a">gs 12000897 </subfield>
  </datafield>
  <datafield tag="035" ind1=" " ind2=" ">
    <subfield code="a">(OCoLC)11515086</subfield>
  </datafield>
  <datafield tag="040" ind1=" " ind2=" ">
    <subfield code="a">Library, U.S. Geol. Survey</subfield>
    <subfield code="c">MH-A</subfield>
    <subfield code="d">DLC</subfield>
  </datafield>
  <datafield tag="050" ind1="0" ind2="0">
    <subfield code="a">QE1</subfield>
    <subfield code="b">.G492 n. f., bd. 10, hft. 5</subfield>
  </datafield>
  <datafield tag="100" ind1="1" ind2=" ">
    <subfield code="a">Rassmuss, Hans,</subfield>
    <subfield code="d">1889-</subfield>
  </datafield>
  <datafield tag="245" ind1="1" ind2="0">
    <subfield code="a">Beitr&#xE4;ge zur Stratigraphie und Tektonik der s&#xFC;d&#xF6;stlichen Alta Brianza,</subfield>
    <subfield code="c">von Hans Rassmuss ... mit 1 Karte, 6 Tafeln und 4 Textfiguren.</subfield>
  </datafield>
  <datafield tag="260" ind1=" " ind2=" ">
    <subfield code="a">Jena,</subfield>
    <subfield code="b">G. Fischer,</subfield>
    <subfield code="c">1912.</subfield>
  </datafield>
  <datafield tag="300" ind1=" " ind2=" ">
    <subfield code="a">128, [14] p.</subfield>
    <subfield code="b">plates (part fold.) fold. map, diagrs. (part fold.)</subfield>
    <subfield code="c">31 cm.</subfield>
  </datafield>
  <datafield tag="490" ind1="0" ind2=" ">
    <subfield code="a">Geologische und palaeontologische Abhandlungen, hrsg. von E. Koken,</subfield>
    <subfield code="v">n. F. Bd. x, Hft. 5</subfield>
  </datafield>
  <datafield tag="504" ind1=" " ind2=" ">
    <subfield code="a">"Literatur": p. 4-9.</subfield>
  </datafield>
  <datafield tag="650" ind1=" " ind2="0">
    <subfield code="a">Geology</subfield>
    <subfield code="z">Italy.</subfield>
  </datafield>
  <datafield tag="999" ind1=" " ind2=" ">
    <subfield code="c">25213</subfield>
    <subfield code="d">25213</subfield>
  </datafield>
</record>
